000 02637nam a22004217a 4500
005 20090619104725.0
008 030731s2003 ii 000 1 eng
010 _aENG-94112
020 _a9780198062219
_c150.00
020 _a0198062214
_c150.00
035 _aEN-77645
035 _aB-360771-777
037 _bDBAD / PUB
037 _bUppal Book Store
040 _adpl
_bEnglish
082 _aN
100 _aRath, Chandrasekhar
240 _aYantrārūḍha.
_lEnglish
245 _aAstride the wheel, yantrarudha /
_cby Chandrasekhar Rath ; translated from Oriya by Jatindra Kumar Nayak.
246 _aYantrarudha
260 _aNew Delhi ;
_bOxford University Press
_c2009
270 _aYMCA Library Building, Jai Singh Road,
_bNew Delhi
_e110001
300 _axxviii, 179 p.
_c22cm(pbk)
500 _aNovel.
500 _aIncludes glossary
650 _aOriya fiction
_vTranslation into English
700 _aNayak, Jatindra Kumar
942 _2ddc
_cEN
_hN
_mRAT
999 _c27619
_d27619